| 000 | 00424nam a2200157Ia 4500 | ||
|---|---|---|---|
| 008 | 151021s9999 xx 000 0 und d | ||
| 020 | _a007011207x | ||
| 050 | _aQD33 .C434 1996 | ||
| 245 | _a_Essential chemisty Raymond Chang | ||
| 260 | _aBoston McGraw hill 1996 | ||
| 300 | _axxvii,719p. | ||
| 500 | _aIncludes index | ||
| 500 | _aIncludes index | ||
| 650 | _a_chemistry | ||
| 980 | _a^d20130619 03:44:24^oanne | ||
| 999 |
_c14219 _d14219 |
||